000 01396nam a22001937a 4500
003 JO-AjAnu
005 20260418111654.0
008 260418b jo ||||| |||| 00| 0 ara d
040 _aANU
_cJO-AjAnu
041 _hARA
100 _aابو عناب، حمزة محمد إبراهيم
_eمعد
_966937
245 _aدرجة توظيف تطبيقات الذكاء الاصطناعي التوليدي في تصميم تدخلات لغوية مخصصة للطلبة ذوي عسر القراءة من وجهة نظر المعلمين المساندين في المدارس الحكومية الدامجة = The Degree of Employing Generative Artificial intelligence Applications in Designing Personalized Language Interventions for Students with Dyslexia in the Perspective of Support Teachers in Inclusive Public Schools
_c / حمزة محمد إبراهيم ابو عناب؛ اشراف برهان محمود حمادنة
260 _aعجلون:
_bجامعة عجلون الوطنية،
_c2026
300 _a95 ورقة
500 _aرسالة جامعية ( رسالة ماجستير في صعوبات التعلم - كلية العلوم التربوية/جامعة عجلون الوطنية)؛ 2026
650 _vالذكاء الاصطناعي-التعليم الالكتروني-المدارس
700 _aحمادنة، برهان محمود
_eمشرف
_966032
942 _2lcc
_cTHS
_n0
999 _c34169
_d34169